000 00873nam a2200277Ia 4500
003 OSt
005 20221006154808.0
006 a|||||r|||| 00| 0
007 ta
008 221006b |||||||| |||| 00| 0 chi d
020 _a9781861892980
_c¥5000
024 _a39,316
037 _bGift, Japan Foundation
_cAnnuals, Advances
040 _aEASL
_cEASL
_bchi
041 _2chi
_achi
082 _aM31.42, P6
100 _aCwiertka Katarzyna J.
_9667489
245 0 _aModern Japanese cuisine
_bFood, power and national identity
260 _aLondon
_bReaktion Books Ltd
_c2006
300 _a240p.
_ccm.
650 _a Cookery-Japanese
_9667490
650 _a Japan-Civilization
_9590792
650 _aFood habits-Japan
_9667491
942 _hM31.42, P6
_cREF
_2CC
999 _c1107402
_d1107402